Industrial-strength formal methods in practice

Saved in:
Bibliographic Details
Other Authors: Hinchey, Michael G. (Michael Gerard) 1969- (Editor), Bowen, J. P. (Jonathan Peter) 1956- (Editor)
Format: Book
Language:English
Published: London : Springer, c1999
Series:Formal approaches to computing and information technology
Subjects:
Tags: Add Tag
No Tags, Be the first to tag this record!

MARC

LEADER 00000nam a2200000 i 4500
001 1/15758
008 010122s1999 eng d
020 |a 1-85233-640-4 
035 |l 10065530 
040 |a GR-MY-UA  |b gre  |e aacr 
041 0 |a eng 
082 0 |a 005.131 
245 1 0 |a Industrial-strength formal methods in practice /  |c Michael G. Hinchey and Jonathan P. Bowen (Eds.) 
260 |a London :   |b Springer,   |c c1999 
300 |a xvi, 400 p.;  |b ill.;  |c 24 cm. 
490 1 |a Formal approaches to computing and information technology 
504 |a Includes bibliographical references and index 
650 0 0 |a Formal methods (Computer science) 
700 1 |a Hinchey, Michael G. (Michael Gerard)  |d 1969-  |4 edt 
700 1 |a Bowen, J. P.  |q (Jonathan Peter)  |d 1956-  |4 edt 
830 0 |a Formal approaches to computing and information technology 
852 |a INST  |b SYROS  |e 20010122  |h 005.131 IND  |p 005500001572  |q 005500001572  |t BK  |y 0 
901 |a BIBL5-2001-1 
909 |a Ε  |b 084328 
922 |a 5ΕΛΗ  |b 200012  |c ΓΡΑΦΙΚΩΝ ΤΕΧΝΩΝ  |d ΜΙΧΑΛΟΠΟΥΛΟΣ 
950 |a 183-2000-12-08 
970 |a ΚΟΝΤΟΥ  |b ΠΑΡΑΣΚΕΥΗ  |z 2001/02/19